Statistics for American TV Characters by Last Name #2

Click here to take the quiz!

General Stats

  • This quiz has been taken 7,560 times
  • The average score is 9 of 24

Answer Stats

First NameLast Name% Correct
BarneyStinson
81%
PhoebeBuffay
69%
GeorgeCostanza
67%
SteveUrkel
67%
DouglasHowser
63%
ArchieBunker
51%
Ron or JoeSwanson
51%
GlennQuagmire
41%
MichaelScofield
39%
KellyKapowski
37%
PamBeesly
32%
DexterMorgan
31%
TobiasFünke 
30%
JackDonaghy
27%
SueSylvester
27%
BlancheDevereaux
24%
AdrianMonk
22%
WilliamRiker
22%
FelixUngar
20%
Sterling or JonathanArcher
18%
TemperanceBrennan
18%
ChristopherTurk
15%
HoratioCaine
15%
PatrickStar
14%

Score Distribution

Percentile by Number Answered

Percent of People with Each Score

Your Score History

You have not taken this quiz